| 000 | 00570nam a22001457a 4500 | ||
|---|---|---|---|
| 020 | _a0-19-561011-3 | ||
| 082 |
_a823 _bDIC/G |
||
| 100 | _aDICKENS, CHARLES | ||
| 245 | _aGREAT EXPECTATIONS | ||
| 260 |
_aDELHI _bOXFORD UNIVERSITY PRESS |
||
| 300 | _a123 | ||
| 520 | _aGreat Expectations follows the childhood and young adult years of Pip a blacksmith's apprentice in a country village. He suddenly comes into a large fortune (his great expectations) from a mysterious benefactor and moves to London where he enters high society. | ||
| 650 |
_aNOVEL _zINDIA |
||
| 942 | _cBK | ||
| 999 |
_c3014 _d3014 |
||